000 01340nam a2200253 i 4500
001 83124
003 ES-MaACL
005 20250928103339.0
007 t|
008 180601s1924 sp ||||1| spa d
100 1 _aHernández-Pacheco, Eduardo,
_d1872-1965
_963012
245 1 4 _aLas pinturas prehistóricas de las cuevas de la Araña (Valencia)
_b: (Evolución del arte rupestre de España) / por Eduardo Hernández-Pacheco ... con la cooperación para los trabajos preparatorios de Jaime Poch, Francisco Bénitez y Francisco Hernández-Pacheco.
260 _aMadrid :
_bMuseo Nacional de Ciencias Naturales,
_c1924.
300 _a221 p., 24 h. lám.,1 lám. pleg. col. :
_bil. ;
_c27 cm.
490 1 _aComisión de Investigaciones Paleontológicas y Prehistóricas. Memoria ;
_v34. Serie prehistórica, 28
594 _aPrecede al tít: Junta para la Ampliación de Estudios e Investigaciones Científicas.
650 4 _aPintura rupestre-
_zValencia (Provincia)
_9164895
700 1 _aPoch, Jaime.
_9164896
700 1 _aBenítez Mellado, Francisco,
_d1883-1962
_9164885
700 1 _aHernández-Pacheco, Francisco,
_d1899-1976
_963010
830 0 0 _aComisión de Investigaciones Paleontológicas y Prehistóricas. Memoria
_v34. Serie prehistórica, 28
_9183771
852 _aES-MaACL
_jB-13008(1)
999 _c83124
_d83124